Figuras del logos entre la filosofía y la literatura

Gespeichert in:
Bibliographische Detailangaben
1. Verfasser: López de la Vieja, M. Teresa (autora)
Format: Buch
Sprache:Spanisch
Veröffentlicht: Madrid Fondo de Cultura Económica 1994
Schriftenreihe:Sección Obras de Filosofía
Schlagworte:
Tags: Tag hinzufügen
Keine Tags, Fügen Sie den ersten Tag hinzu!

MARC

LEADER 00000nam a2200000 a 4500
001 UCZ3666
003 CL-VaPUC
008 951027e19940000SP |||||||||||||||||spa|d
082 0 4 |a 801  |b LOP  |2 21 
100 |a López de la Vieja, M. Teresa  |e autora  |9 347472 
245 1 0 |a Figuras del logos entre la filosofía y la literatura 
300 |a 300 p 
942 |c BK 
945 |d 19951027 00:00:00  |a rleighto 
260 |a Madrid  |b Fondo de Cultura Económica  |c 1994 
650 0 |a Filosofía de la literatura  |9 267374 
583 |a last modification  |c 19951027 00:00:00  |k Rodrigo Vera 
490 0 |a Sección Obras de Filosofía 
999 |c 240116  |d 240114 
952 |0 0  |1 0  |4 0  |6 801_000000000000000_LOP_1994  |7 0  |8 A  |9 251737  |a FDOPOS  |b FDOPOS  |d 2019-11-18  |i 3144844  |o 801 LOP 1994  |p 3144844  |r 2025-01-22  |w 2019-11-18  |y BK  |k MLH